|
|
|
|
| LEADER |
02532nam a22004575i 4500 |
| 001 |
978-88-470-2709-1 |
| 003 |
DE-He213 |
| 005 |
20151204181544.0 |
| 007 |
cr nn 008mamaa |
| 008 |
121208s2013 it | s |||| 0|ita d |
| 020 |
|
|
|a 9788847027091
|9 978-88-470-2709-1
|
| 024 |
7 |
|
|a 10.1007/978-88-470-2709-1
|2 doi
|
| 040 |
|
|
|d GrThAP
|
| 050 |
|
4 |
|a QB4
|
| 072 |
|
7 |
|a PG
|2 bicssc
|
| 072 |
|
7 |
|a SCI004000
|2 bisacsh
|
| 072 |
|
7 |
|a NAT033000
|2 bisacsh
|
| 082 |
0 |
4 |
|a 520
|2 23
|
| 100 |
1 |
|
|a Kambič, Bojan.
|e author.
|
| 245 |
1 |
0 |
|a Le costellazioni al binocolo
|h [electronic resource] :
|b Trecento oggetti celesti da riconoscere ed esplorare /
|c by Bojan Kambič.
|
| 264 |
|
1 |
|a Milano :
|b Springer Milan :
|b Imprint: Springer,
|c 2013.
|
| 300 |
|
|
|a IX, 330 pagg.
|b online resource.
|
| 336 |
|
|
|a text
|b txt
|2 rdacontent
|
| 337 |
|
|
|a computer
|b c
|2 rdamedia
|
| 338 |
|
|
|a online resource
|b cr
|2 rdacarrier
|
| 347 |
|
|
|a text file
|b PDF
|2 rda
|
| 490 |
1 |
|
|a Le Stelle
|
| 505 |
0 |
|
|a Tutto sui binocoli -- Un po' di meccanica celeste -- Tanti Soli lontani -- Oggetti non stellari -- Modelli -- Come prepararsi alle sessioni osservative -- Da Andromeda al Bovaro -- Dal Bulino al Dragone -- Dall'Eridano alla Lira -- Dal Microscopio alla Poppa -- Dalla Freccia alla Volpetta.
|
| 520 |
|
|
|a Questo libro è un tour guidato attraverso le costellazioni visibili dalle medie latitudini settentrionali. È un’opera ideale per chi si accosta per la prima volta all’osservazione del cielo, ma anche l’astrofilo esperto la troverà ricca e utile, per come è strutturata. Nella prima parte, il libro è un succinto trattatello di astronomia, di meccanica celeste, d’evoluzione stellare e di cosmologia. Nella seconda parte, vengono proposte mappe per riconoscere tutte le costellazioni visibili dai nostri cieli, e schede con informazioni particolareggiate relative alle stelle visibili a occhio nudo, oltre che ad alcune centinaia di oggetti (stelle doppie e variabili, ammassi stellari, nebulose, galassie) alla portata di un semplice binocolo 10×50.
|
| 650 |
|
0 |
|a Physics.
|
| 650 |
|
0 |
|a Observations, Astronomical.
|
| 650 |
|
0 |
|a Astronomy
|x Observations.
|
| 650 |
1 |
4 |
|a Physics.
|
| 650 |
2 |
4 |
|a Astronomy, Observations and Techniques.
|
| 710 |
2 |
|
|a SpringerLink (Online service)
|
| 773 |
0 |
|
|t Springer eBooks
|
| 776 |
0 |
8 |
|i Printed edition:
|z 9788847027084
|
| 830 |
|
0 |
|a Le Stelle
|
| 856 |
4 |
0 |
|u http://dx.doi.org/10.1007/978-88-470-2709-1
|z Full Text via HEAL-Link
|
| 912 |
|
|
|a ZDB-2-PHA
|
| 950 |
|
|
|a Physics and Astronomy (Springer-11651)
|